| 000 | 01412nam0a22003011 4500 | ||
|---|---|---|---|
| 001 | rc\1699786 | ||
| 005 | 20260406111355.0 | ||
| 035 | _a(NLR Aleph) 005282320 | ||
| 090 |
_a6110819 _c6110819 |
||
| 100 | _a20061002e19001900|||y0rusy50 ca | ||
| 101 | 0 | _arus | |
| 102 | _aRU | ||
| 105 | _ay d ||||| | ||
| 200 | 1 |
_aОсновные положения с санитарной стороны по устройству в городах канализации _e(Реф., прочит. в заседании Воронеж. отд. О-ва охранения нар. здравия) _fН.И. Тезяков |
|
| 210 |
_aВоронеж _cтипо-лит. В.Д. Колесникова _d1900 |
||
| 215 |
_a[2], 11 с. _d25 |
||
| 311 | _aПерепеч. из журн. "Мед. беседа" | ||
| 488 | 0 |
_12001#$aМедицинская беседа _tМедицинская беседа |
|
| 532 | 1 | 3 | _aОсновные положения с санитарной стороны по устройству в городах канализации |
| 700 | 1 |
_7ca _8rus _aТезяков _bН. И. _f1859-1925 _gНиколай Иванович _9102953 _3RU\NLR\AUTH\77120028 |
|
| 801 | 0 |
_aRU _bNLR _c20061002 _gpsbo |
|
| 801 | 0 |
_aRU _bRuMoRGB _c20061002 _2psbo |
|
| 801 | 1 |
_aRU _bProSoft-M _c20061002 _2rusmarc |
|
| 801 | 2 |
_aRU _bNLR _c20130225 _2rusmarc |
|
| 852 |
_aNLR _j20.62.6.47 |
||
| 942 | _cBOOK | ||
| 980 | _aNB | ||